[Event "Irish Championship 2021"]
[Site "Dublin IRL"]
[Date "2021.08.04"]
[Round "5.10"]
[White "Putar, Leon"]
[Black "Cafolla, Peter"]
[Result "1-0"]
[WhiteElo "1918"]
[BlackElo "1958"]
[WhiteICU "1901"]
[BlackICU "1914"]
[WhiteClub "St. Benildus"]
[BlackClub "Rathmines"]
[WhiteNationality "IRL"]
[BlackNationality "IRL"]
[WhiteFideId "14546612"]
[BlackFideId "2500884"]
[PlyCount "65"]
[Venue "Colaiste Eanna"]
[EventDate "2021.07.31"]

{ Event information: <a
href="https://www.irlchess.com/irlch2021_allfiles/pairings_irlch2021.html">Tournament
report</a>. }

1. e4 c5 2. Nf3 Nc6 3. c3 Nf6 4. e5 Nd5 5. d4 cxd4 6. cxd4 e6 7. Nc3 d6 8.
Nxd5 exd5 9. Be2 Be7 10. O-O O-O 11. h3 Qb6 12. b3 Bf5 13. Bb2 Rad8 14. Bd3
Be4 15. Re1 dxe5 16. Nxe5 Nxe5 17. dxe5 Bc5 18. Re2 Bxd3 19. Qxd3 Rd7 20.
Rae1 Re8 21. Kf1 a6 22. f4 Bb4 23. Rc1 g6 24. f5 Qb5 25. Qd4 Bf8 26. e6 f6
27. a4 Qxe2+ 28. Kxe2 gxf5 29. Qxf6 Bg7 30. Qg5 Rxe6+ 31. Kd1 Re8 32. Bxg7
Rxg7 33. Qxf5 1-0

[Event "Irish Championship 2021"]
[Site "Dublin IRL"]
[Date "2021.08.04"]
[Round "5.11"]
[White "Doyle, Tony"]
[Black "Collins, Adam"]
[Result "1/2-1/2"]
[WhiteElo "2206"]
[BlackElo "1887"]
[WhiteICU "2046"]
[BlackICU "1966"]
[BlackClub "Kilkenny"]
[WhiteNationality "IRL"]
[BlackNationality "IRL"]
[WhiteFideId "2500329"]
[BlackFideId "2512300"]
[PlyCount "60"]
[Venue "Colaiste Eanna"]
[EventDate "2021.07.31"]

{ Event information: <a
href="https://www.irlchess.com/irlch2021_allfiles/pairings_irlch2021.html">Tournament
report</a>. }

1. Nf3 Nf6 2. g3 d5 3. Bg2 e6 4. O-O Be7 5. c4 c6 6. b3 O-O 7. Bb2 Nbd7 8.
d3 b6 9. Nbd2 Bb7 10. Qc2 Rc8 11. Rad1 Qc7 12. e4 Rfd8 13. Rfe1 Bf8 14. Qb1
c5 15. e5 Ng4 16. h3 Nh6 17. cxd5 Bxd5 18. g4 b5 19. Ne4 c4 20. dxc4 bxc4
21. bxc4 Qxc4 22. Nc3 Bxf3 23. Bxf3 Rb8 24. Qc1 Be7 25. Bg2 Bh4 26. Ba1 Nc5
27. Bf1 Nd3 28. Bxd3 Rxd3 29. Rxd3 Qxd3 30. Qe3 Qxe3 1/2-1/2

[Event "Irish Championship 2021"]
[Site "Dublin IRL"]
[Date "2021.08.04"]
[Round "5.12"]
[White "Putar, Lara"]
[Black "Murray, David"]
[Result "1/2-1/2"]
[WhiteElo "1930"]
[BlackElo "2142"]
[WhiteICU "1969"]
[BlackICU "2125"]
[WhiteClub "St. Benildus"]
[BlackClub "Gonzaga"]
[WhiteNationality "IRL"]
[BlackNationality "IRL"]
[WhiteFideId "14546604"]
[BlackFideId "2501511"]
[PlyCount "139"]
[Venue "Colaiste Eanna"]
[EventDate "2021.07.31"]

{ Event information: <a
href="https://www.irlchess.com/irlch2021_allfiles/pairings_irlch2021.html">Tournament
report</a>. }

1. d4 Nf6 2. Nf3 e6 3. g3 c5 4. c4 cxd4 5. Nxd4 Bb4+ 6. Bd2 Bc5 7. Nb3 Be7
8. Bg2 Nc6 9. O-O O-O 10. Nc3 Ne5 11. c5 Nc4 12. Bc1 d5 13. cxd6 Qxd6 14.
Qc2 a6 15. Rd1 Qc7 16. Bf4 e5 17. Bg5 Nd6 18. Rac1 Bf5 19. e4 Bg4 20. Rd2
Rac8 21. Bxf6 Bxf6 22. Qd3 Rfd8 23. Nd5 Qb8 24. Rxc8 Qxc8 25. f4 Be6 26.
fxe5 Bxd5 27. exf6 Bxb3 28. axb3 Qc5+ 29. Qd4 Qxd4+ 30. Rxd4 gxf6 31. Kf2
Kf8 32. Rd5 Ke7 33. Ke3 Rc8 34. Kd3 Rc1 35. Rh5 Rd1+ 36. Kc2 Rg1 37. Bf3
Rf1 38. Be2 Re1 39. Kd2 Rb1 40. Bd3 Rxb2+ 41. Bc2 Ra2 42. Kc1 Ra1+ 43. Bb1
b6 44. Rxh7 Ra5 45. Rh4 Rg5 46. Kd2 Ke6 47. Bd3 a5 48. Rh8 Kd7 49. Kc3 Nb7
50. Rh7 Nd8 51. Bc4 Ke7 52. Bd5 Rg4 53. Kc4 f5 54. h3 Rxg3 55. exf5 Re3 56.
h4 Re5 57. Rh5 Ne6 58. Bxe6 fxe6 59. Rh7+ Kd6 60. fxe6 b5+ 61. Kd4 Rxe6 62.
Ra7 a4 63. bxa4 bxa4 64. Rxa4 Ke7 65. Kd5 Kf7 66. h5 Rh6 67. Rf4+ Rf6 68.
Rh4 Kg7 69. Ke5 Rf1 70. h6+ 1/2-1/2

[Event "Irish Championship 2021"]
[Site "Dublin IRL"]
[Date "2021.08.04"]
[Round "5.13"]
[White "O'Gorman, Alice"]
[Black "O'Connell, Gerard"]
[Result "0-1"]
[WhiteElo "1907"]
[BlackElo "2051"]
[WhiteICU "1882"]
[BlackICU "2005"]
[WhiteClub "T.C.D."]
[BlackClub "St. Benildus"]
[WhiteNationality "IRL"]
[BlackNationality "IRL"]
[WhiteFideId "2508214"]
[BlackFideId "2500493"]
[PlyCount "102"]
[Venue "Colaiste Eanna"]
[EventDate "2021.07.31"]

{ Event information: <a
href="https://www.irlchess.com/irlch2021_allfiles/pairings_irlch2021.html">Tournament
report</a>. }

1. c4 c5 2. Nc3 Nc6 3. g3 g6 4. Bg2 Bg7 5. e4 d6 6. Nge2 Nf6 7. d3 O-O 8.
O-O Rb8 9. h3 a6 10. a4 Nd7 11. Be3 Nd4 12. Rb1 e6 13. b3 Nxe2+ 14. Nxe2 b5
15. Qd2 Ne5 16. f4 Nc6 17. d4 cxd4 18. Nxd4 Nxd4 19. Bxd4 e5 20. Be3 bxc4
21. bxc4 Be6 22. Rxb8 Qxb8 23. f5 Bxc4 24. Rc1 Qb3 25. Rc3 Qxa4 26. Bh6 f6
27. Bf1 Bf7 28. Bxg7 Kxg7 29. fxg6 hxg6 30. Rc7 Qb3 31. Kh2 Qb6 32. Qc2 a5
33. Bg2 a4 34. Rc6 Qb4 35. Bf1 Bb3 36. Qc1 Qxe4 37. Rxd6 Bd5 38. Rd7+ Rf7
39. Rxf7+ Bxf7 40. Bg2 Qc4 41. Qa1 Qb3 42. g4 g5 43. h4 gxh4 44. g5 Qg3+
45. Kh1 fxg5 46. Qxa4 g4 47. Qd7 Qf4 48. Qe7 g3 49. Qc7 Qe3 50. Bd5 Qe1+
51. Kg2 Qd2+ 0-1

[Event "Irish Championship 2021"]
[Site "Dublin IRL"]
[Date "2021.08.04"]
[Round "5.14"]
[White "Harding, Tim"]
[Black "Lyons, Brendan"]
[Result "1-0"]
[WhiteTitle "CM"]
[WhiteElo "2003"]
[BlackElo "1931"]
[WhiteICU "1955"]
[BlackICU "1886"]
[WhiteClub "T.C.D."]
[BlackClub "St. Benildus"]
[WhiteNationality "IRL"]
[BlackNationality "IRL"]
[WhiteFideId "2500256"]
[BlackFideId "2500698"]
[PlyCount "49"]
[Venue "Colaiste Eanna"]
[EventDate "2021.07.31"]

{ Event information: <a
href="https://www.irlchess.com/irlch2021_allfiles/pairings_irlch2021.html">Tournament
report</a>. }

1. e4 d5 2. exd5 Nf6 3. Nf3 Qxd5 4. d4 Bg4 5. Be2 Nc6 6. h3 Bxf3 7. Bxf3
Qe6+ 8. Be3 Nd5 9. Qe2 O-O-O 10. c4 Nxe3 11. fxe3 Qd6 12. O-O e6 13. Nc3 a6
14. Rac1 f5 15. Rfd1 g5 16. c5 Qg3 17. Qc4 Bg7 18. Ne2 Qh4 19. Qxe6+ Kb8
20. Bxc6 bxc6 21. Rc3 Qe4 22. Rb3+ Ka8 23. Qc4 Ka7 24. Ra3 Kb8 25. Qxa6 1-0

[Event "Irish Championship 2021"]
[Site "Dublin IRL"]
[Date "2021.08.04"]
[Round "5.15"]
[White "Goss, Alex"]
[Black "Casey, Eoghan"]
[Result "1-0"]
[WhiteElo "1833"]
[BlackElo "1952"]
[WhiteICU "1750"]
[BlackICU "1876"]
[WhiteClub "U.C.D."]
[BlackClub "Gonzaga"]
[WhiteNationality "IRL"]
[BlackNationality "IRL"]
[WhiteFideId "2509407"]
[BlackFideId "2502178"]
[PlyCount "59"]
[Venue "Colaiste Eanna"]
[EventDate "2021.07.31"]

{ Event information: <a
href="https://www.irlchess.com/irlch2021_allfiles/pairings_irlch2021.html">Tournament
report</a>. }

1. d4 g6 2. c4 Bg7 3. e4 c5 4. d5 d6 5. Nc3 a6 6. Qb3 e6 7. Nf3 Ne7 8. Na4
Nd7 9. dxe6 fxe6 10. Ng5 Ne5 11. Nb6 Rb8 12. Nxc8 Qxc8 13. f4 N5c6 14. Be3
O-O 15. Rd1 Nd4 16. Bxd4 Bxd4 17. Qh3 Rxf4 18. Qxh7+ Kf8 19. g3 Rf6 20. Bh3
Bf2+ 21. Ke2 Qc6 22. Bxe6 Ke8 23. Rhf1 Qa4 24. Rxd6 Qc2+ 25. Rd2 Qxd2+ 26.
Kxd2 Be3+ 27. Ke2 Rxf1 28. Kxf1 Kd8 29. Qh8+ Kc7 30. Qe5+ 1-0

[Event "Irish Championship 2021"]
[Site "Dublin IRL"]
[Date "2021.08.04"]
[Round "5.16"]
[White "O'Connor, Jonathan"]
[Black "Burke, Kevin"]
[Result "1-0"]
[WhiteElo "2153"]
[BlackElo "1883"]
[WhiteICU "2124"]
[BlackICU "1781"]
[WhiteClub "Dublin"]
[BlackClub "St. Benildus"]
[WhiteNationality "IRL"]
[BlackNationality "IRL"]
[WhiteFideId "2501112"]
[BlackFideId "2501520"]
[PlyCount "49"]
[Venue "Colaiste Eanna"]
[EventDate "2021.07.31"]

{ Event information: <a
href="https://www.irlchess.com/irlch2021_allfiles/pairings_irlch2021.html">Tournament
report</a>. }

1. d4 e6 2. g3 f5 3. Bg2 Nf6 4. c4 Be7 5. Nf3 d6 6. b3 O-O 7. O-O Qe8 8.
Bb2 Nbd7 9. Nbd2 Bd8 10. Qc2 Qg6 11. Rac1 Ne4 12. Nxe4 fxe4 13. Nd2 d5 14.
f3 e3 15. Qxg6 hxg6 16. Nb1 Bf6 17. cxd5 exd5 18. Rxc7 Nb8 19. f4 Be6 20.
Rxb7 Nc6 21. Rd1 Ne7 22. Ba3 Rfe8 23. Nc3 Rac8 24. Bxe7 Bxe7 25. Nxd5 1-0

[Event "Irish Championship 2021"]
[Site "Dublin IRL"]
[Date "2021.08.04"]
[Round "5.17"]
[White "MacElligott, Gerard"]
[Black "O'Flaherty, Kevin"]
[Result "1-0"]
[WhiteTitle "CM"]
[WhiteElo "1966"]
[BlackElo "1884"]
[WhiteICU "1938"]
[BlackICU "1818"]
[WhiteClub "Elm Mount"]
[BlackClub "Univ. of Limerick"]
[WhiteNationality "IRL"]
[BlackNationality "IRL"]
[WhiteFideId "2500647"]
[BlackFideId "2502283"]
[PlyCount "95"]
[Venue "Colaiste Eanna"]
[EventDate "2021.07.31"]

{ Event information: <a
href="https://www.irlchess.com/irlch2021_allfiles/pairings_irlch2021.html">Tournament
report</a>. }

1. Nf3 Nf6 2. c4 e6 3. g3 b6 4. Bg2 Bb7 5. O-O Be7 6. d4 O-O 7. Re1 Ne4 8.
Nfd2 f5 9. Nxe4 Bxe4 10. f3 Bb7 11. e4 fxe4 12. fxe4 e5 13. d5 Bc5+ 14. Be3
Bxe3+ 15. Rxe3 d6 16. Nc3 Nd7 17. Qe2 Nf6 18. Bh3 Bc8 19. Bxc8 Qxc8 20. Rf1
Qd7 21. Ref3 a6 22. Rf5 Qe7 23. Kg2 g6 24. R5f3 Kg7 25. h3 Nd7 26. Rxf8
Rxf8 27. Rxf8 Qxf8 28. b4 h5 29. Qf3 Qe8 30. Qd3 Nf6 31. c5 Qc8 32. c6 h4
33. gxh4 Nh5 34. Ne2 Qd8 35. Qxa6 Qxh4 36. Qc8 Qxe4+ 37. Kf2 Qf5+ 38. Qxf5
gxf5 39. a4 Nf6 40. Nc3 Ng8 41. Nb5 Ne7 42. Nxc7 Nc8 43. Nb5 Kf6 44. a5
bxa5 45. bxa5 e4 46. a6 Ke7 47. a7 Nb6 48. Nc7 1-0

[Event "Irish Championship 2021"]
[Site "Dublin IRL"]
[Date "2021.08.05"]
[Round "6.1"]
[White "O'Gorman, Tom"]
[Black "Baburin, Alexander"]
[Result "1-0"]
[WhiteTitle "FM"]
[BlackTitle "GM"]
[WhiteElo "2368"]
[BlackElo "2416"]
[WhiteICU "2303"]
[BlackICU "2369"]
[WhiteClub "Dun Laoghaire"]
[BlackClub "Kilkenny"]
[WhiteNationality "IRL"]
[BlackNationality "IRL"]
[WhiteFideId "2508249"]
[BlackFideId "2500914"]
[PlyCount "67"]
[Venue "Colaiste Eanna"]
[EventDate "2021.07.31"]

{ Event information: <a
href="https://www.irlchess.com/irlch2021_allfiles/pairings_irlch2021.html">Tournament
report</a>. }

1. e4 Nf6 2. e5 Nd5 3. d4 d6 4. c4 Nb6 5. f4 Bf5 6. Nc3 e6 7. Nf3 Na6 8. a3
c5 9. Be3 Be7 10. Be2 O-O 11. Nb5 d5 12. dxc5 Nxc4 13. Bxc4 dxc4 14. Nd6
Bd3 15. b4 f6 16. Nd4 fxe5 17. Nxe6 Bh4+ 18. g3 Qe7 19. f5 Rxf5 20. Nxf5
Bxf5 21. O-O Bxe6 22. gxh4 Qxh4 23. Qf3 Nc7 24. Rad1 Qg4+ 25. Qxg4 Bxg4 26.
Rd6 a5 27. bxa5 h5 28. h3 Bxh3 29. Rb1 Rxa5 30. Rxb7 Ne6 31. c6 Rxa3 32.
Kf2 Nf4 33. Bxf4 exf4 34. Rg6 1-0

[Event "Irish Championship 2021"]
[Site "Dublin IRL"]
[Date "2021.08.05"]
[Round "6.2"]
[White "O'Donnell, Conor"]
[Black "Heidenfeld, Mark"]
[Result "0-1"]
[WhiteTitle "FM"]
[BlackTitle "IM"]
[WhiteElo "2331"]
[BlackElo "2360"]
[WhiteICU "2311"]
[BlackICU "2282"]
[WhiteClub "Gonzaga"]
[WhiteNationality "IRL"]
[BlackNationality "IRL"]
[WhiteFideId "2504243"]
[BlackFideId "2500990"]
[PlyCount "106"]
[Venue "Colaiste Eanna"]
[EventDate "2021.07.31"]

{ Event information: <a
href="https://www.irlchess.com/irlch2021_allfiles/pairings_irlch2021.html">Tournament
report</a>. }

1. e4 e6 2. d4 d5 3. Nc3 dxe4 4. Nxe4 Nd7 5. Nf3 Ngf6 6. Bd3 c5 7. O-O Qc7
8. Re1 Nxe4 9. Rxe4 Nf6 10. Rh4 Bd7 11. Bf4 Bd6 12. Bxd6 Qxd6 13. Qd2 Bc6
14. Qe3 cxd4 15. Nxd4 h6 16. Nxc6 Qxc6 17. Rc4 Qd6 18. Rd1 Qe7 19. Ra4 a6
20. Bb5+ Kf8 21. Qe5 Rc8 22. Rc4 Rd8 23. Rxd8+ Qxd8 24. Rc7 Ne8 25. Qc5+ (
25. Rd7 Qg5 26. Qxg5 hxg5 $18) 25... Kg8 26. Rc8 Qd1+ 27. Bf1 Kh7 28. Qe7
Nd6 $14 29. Rxh8+ Kxh8 30. Qd8+ Kh7 31. g3 e5 32. c4 Qd4 33. b4 b6 34. c5
$2 (34. a4 $16) 34... bxc5 35. bxc5 Qxc5 36. Bxa6 Ne4 $17 37. Bd3 Qxf2+ 38.
Kh1 f5 39. Bc4 Qf3+ 40. Kg1 Qe3+ 41. Kg2 Qf2+ 42. Kh1 Nf6 43. Qd1 Ng4 44.
Qe2 Qd4 45. Be6 Ne3 46. h3 g6 47. a4 f4 48. gxf4 exf4 49. Qa2 h5 50. Bb3
Qe4+ 51. Kg1 Qf3 52. a5 Qg3+ 53. Kh1 f3 0-1

[Event "Irish Championship 2021"]
[Site "Dublin IRL"]
[Date "2021.08.05"]
[Round "6.3"]
[White "Kanyamarala, Tarun"]
[Black "Fitzsimons, David"]
[Result "1-0"]
[WhiteTitle "FM"]
[BlackTitle "IM"]
[WhiteElo "2369"]
[BlackElo "2324"]
[WhiteICU "2296"]
[BlackICU "2343"]
[WhiteClub "Balbriggan"]
[BlackClub "Elm Mount"]
[WhiteNationality "IRL"]
[BlackNationality "IRL"]
[WhiteFideId "45004714"]
[BlackFideId "2501961"]
[PlyCount "71"]
[Venue "Colaiste Eanna"]
[EventDate "2021.07.31"]

{ Event information: <a
href="https://www.irlchess.com/irlch2021_allfiles/pairings_irlch2021.html">Tournament
report</a>. }

1. e4 d5 2. exd5 Qxd5 3. Nc3 Qa5 4. d4 Nf6 5. Nf3 Bf5 6. Ne5 c6 7. Bd3 Bxd3
8. Qxd3 Nbd7 9. Nc4 Qa6 10. Qe2 e6 11. Bf4 Nb6 12. Nd6+ Bxd6 13. Qxa6 bxa6
14. Bxd6 Nc4 15. Bc5 Nxb2 16. Rb1 Nc4 17. Rb7 Nd7 18. Ke2 f5 19. Rhb1 Kd8
20. Rxd7+ Kxd7 21. Rb7+ Kc8 22. Rxg7 Rb8 23. Rxa7 a5 24. Na4 Rb7 $2 (24...
Rd8 $10) 25. Ra8+ Rb8 26. Rxb8+ Kxb8 27. Kd3 $18 Rg8 28. g3 f4 29. Kxc4
fxg3 30. Bd6+ Kc8 31. fxg3 h5 32. h4 Kd7 33. Kc5 Rg4 34. Nb6+ Ke8 35. Bf4
Rg6 36. Be5 1-0

[Event "Irish Championship 2021"]
[Site "Dublin IRL"]
[Date "2021.08.05"]
[Round "6.4"]
[White "Murphy, Conor E."]
[Black "Carroll, Peter"]
[Result "1-0"]
[WhiteTitle "FM"]
[WhiteElo "2394"]
[BlackElo "2059"]
[WhiteICU "2419"]
[BlackICU "2035"]
[WhiteClub "Charlton ENG"]
[BlackClub "Gonzaga"]
[WhiteNationality "IRL"]
[BlackNationality "IRL"]
[WhiteFideId "421669"]
[BlackFideId "2510243"]
[PlyCount "57"]
[Venue "Colaiste Eanna"]
[EventDate "2021.07.31"]

{ Event information: <a
href="https://www.irlchess.com/irlch2021_allfiles/pairings_irlch2021.html">Tournament
report</a>. }

1. e4 c5 2. Nf3 d6 3. Bb5+ Nd7 4. a4 a6 5. Be2 Ngf6 6. Nc3 g6 7. a5 Bg7 8.
O-O O-O 9. d3 Re8 10. h3 b5 11. axb6 Qxb6 12. Nd2 Ne5 13. f4 c4+ 14. Kh1
cxd3 15. cxd3 Nc6 16. Nc4 Qd8 17. e5 dxe5 18. fxe5 Nd7 19. Bf3 Bb7 20. Bd5
e6 21. Nd6 exd5 22. Nxb7 Qh4 23. Ra4 d4 24. Nd6 Bxe5 25. Nxf7 Nb6 26. Qb3
Nxa4 27. Nxe5+ Kh8 28. Bg5 Qg3 29. Bf6# 1-0

[Event "Irish Championship 2021"]
[Site "Dublin IRL"]
[Date "2021.08.05"]
[Round "6.5"]
[White "Daly, Colm"]
[Black "Venkatesan, Kavin"]
[Result "1-0"]
[WhiteTitle "FM"]
[WhiteElo "2285"]
[BlackElo "2011"]
[WhiteICU "2261"]
[BlackICU "2032"]
[WhiteClub "Bray/Greystones"]
[BlackClub "St. Benildus"]
[WhiteNationality "IRL"]
[BlackNationality "IRL"]
[WhiteFideId "2500434"]
[BlackFideId "2512602"]
[PlyCount "113"]
[Venue "Colaiste Eanna"]
[EventDate "2021.07.31"]

{ Event information: <a
href="https://www.irlchess.com/irlch2021_allfiles/pairings_irlch2021.html">Tournament
report</a>. }

1. e4 c5 2. Nf3 d6 3. d4 cxd4 4. Nxd4 Nf6 5. Nc3 a6 6. a4 e5 7. Nf3 Be7 8.
Bg5 Be6 9. Bxf6 Bxf6 10. Nd5 Nd7 11. Bc4 Nb6 12. Bb3 Nxd5 13. Bxd5 Qa5+ 14.
c3 Bxd5 15. Qxd5 Qxd5 16. exd5 Kd7 17. Ke2 Rac8 18. Rhd1 Rc5 19. Ne1 Re8
20. Nc2 e4 21. Ne3 Bg5 22. Rd4 a5 23. Ra3 Bf6 24. Rc4 Re5 25. Rxc5 dxc5 26.
Rb3 Kc7 27. d6+ Kxd6 28. Nc4+ Kc7 29. Nxe5 Bxe5 30. Rb5 b6 31. b4 axb4 32.
cxb4 Kc6 33. bxc5 bxc5 34. h3 f5 35. f3 exf3+ 36. gxf3 g5 37. Kd3 h5 38.
Kc4 g4 39. fxg4 fxg4 40. hxg4 hxg4 41. Rxc5+ Kd6 42. Rd5+ Ke6 43. a5 g3 44.
a6 Bb8 45. Rg5 Kf6 46. Rxg3 Bxg3 47. a7 Be5 48. a8=Q Kf5 49. Kd5 Bf6 50.
Qe8 Bg5 51. Qh5 Kf4 52. Qh3 Bf6 53. Qf1+ Kg5 54. Ke6 Bg7 55. Qf5+ Kh6 56.
Kf7 Bf6 57. Qg6# 1-0

[Event "Irish Championship 2021"]
[Site "Dublin IRL"]
[Date "2021.08.05"]
[Round "6.6"]
[White "Putar, Leon"]
[Black "Murphy, Sean J."]
[Result "1/2-1/2"]
[WhiteElo "1918"]
[BlackElo "1990"]
[WhiteICU "1901"]
[BlackICU "2020"]
[WhiteClub "St. Benildus"]
[BlackClub "Cork"]
[WhiteNationality "IRL"]
[BlackNationality "IRL"]
[WhiteFideId "14546612"]
[BlackFideId "2512742"]
[PlyCount "178"]
[Venue "Colaiste Eanna"]
[EventDate "2021.07.31"]
[BlackFullName "Murphy, Se&aacute;n J."]

{ Event information: <a
href="https://www.irlchess.com/irlch2021_allfiles/pairings_irlch2021.html">Tournament
report</a>. }

1. b3 e5 2. Bb2 Nc6 3. e3 Nf6 4. Nf3 e4 5. Nd4 d5 6. Nxc6 bxc6 7. d3 exd3
8. Bxd3 Bd6 9. Nd2 O-O 10. Qe2 Re8 11. O-O-O Qe7 12. Nb1 a5 13. a4 Bd7 14.
h3 Rab8 15. g4 c5 16. g5 Ne4 17. Bxe4 Qxe4 18. Nc3 Qb4 19. Nxd5 Qb7 20.
Rhg1 Be6 21. Nf6+ gxf6 22. gxf6+ Kh8 23. Rg7 Qe4 24. Rdg1 Rg8 25. f3 Qh4
26. Qg2 Rgf8 27. f4 Bf5 28. Kb1 Bg6 29. Qd5 Qh5 30. Rg5 Qh4 31. R5xg6 hxg6
32. Rxf7 Qh5 33. f5 Qxf5 34. Qc4 Rbe8 35. Re7 Bxe7 36. fxe7+ Kh7 37.
exf8=N+ Rxf8 38. Qh4+ Kg8 39. Qe7 Rf7 40. Qd8+ Rf8 41. Qxc7 Rf7 42. Qd8+
Rf8 43. Qc7 Rf7 44. Qxa5 Rd7 45. Qc3 Kf7 46. a5 Ke6 47. a6 Ra7 48. Qc4+ Qd5
49. Qb5 Qd1+ 50. Ka2 Qd6 51. Qc4+ Ke7 52. Qh4+ Ke6 53. Qg4+ Kd5 54. Qc4+
Kc6 55. Ba3 Qd5 56. Qa4+ Kb6 57. Qe8 Qc6 58. Qe5 Rc7 59. h4 Kxa6 60. Kb2 c4
61. Qd6 cxb3 62. Kxb3 Rb7+ 63. Ka2 Qxd6 64. Bxd6 Rb6 65. Bf4 Kb7 66. Bg5
Kc6 67. c3 Rb7 68. e4 Kd6 69. Bf6 Kc5 70. e5 Rb6 71. Bg7 Kc4 72. Ka3 Rb3+
73. Ka2 Rxc3 74. Kb2 Rh3 75. Bf6 Rh2+ 76. Kc1 Re2 77. Kd1 Kd3 78. Kc1 Re1+
79. Kb2 Ke4 80. Kc3 Re2 81. Kc4 Rc2+ 82. Kb4 Kd5 83. Kb3 Re2 84. Kc3 Ke4
85. Bg7 Rh2 86. Bf6 Rh3+ 87. Kc4 Kf5 88. Kd4 Ke6 89. Ke4 Rh1 1/2-1/2

[Event "Irish Championship 2021"]
[Site "Dublin IRL"]
[Date "2021.08.05"]
[Round "6.7"]
[White "Kanyamarala, Trisha"]
[Black "Duffy, Seamus"]
[Result "1-0"]
[WhiteTitle "WIM"]
[WhiteElo "2180"]
[BlackElo "1945"]
[WhiteICU "2178"]
[BlackICU "1872"]
[WhiteClub "Balbriggan"]
[BlackClub "Dun Laoghaire"]
[WhiteNationality "IRL"]
[BlackNationality "IRL"]
[WhiteFideId "45004722"]
[BlackFideId "2501708"]
[PlyCount "87"]
[Venue "Colaiste Eanna"]
[EventDate "2021.07.31"]
[BlackFullName "Duffy, S&eacute;amus"]

{ Event information: <a
href="https://www.irlchess.com/irlch2021_allfiles/pairings_irlch2021.html">Tournament
report</a>. }

1. d4 e6 2. c4 f5 3. Nf3 Nf6 4. g3 c6 5. Nc3 d5 6. Bg2 Bd6 7. O-O O-O 8. e3
Nbd7 9. Rb1 Ne4 10. Nd2 Nxc3 11. bxc3 Nf6 12. cxd5 exd5 13. c4 dxc4 14.
Nxc4 Bc7 15. Ne5 Bxe5 16. Qb3+ Kh8 17. dxe5 Ng4 18. f4 Qc7 19. Ba3 Re8 20.
h3 Nh6 21. Rfd1 Qf7 22. Qb2 Qg6 23. Kf2 Nf7 24. Qc2 Nd8 25. Bd6 Qf7 26. a4
Be6 27. e4 g6 28. a5 fxe4 29. Bxe4 Rg8 30. Kg2 Bf5 31. Bxf5 gxf5 32. e6
Nxe6 33. Qb2+ Ng7 34. Qxb7 Qa2+ 35. Rb2 Qxa5 36. Be5 Rae8 37. Rd7 Rxe5 38.
fxe5 Qxe5 39. Rf2 Qe4+ 40. Kh2 a5 41. Rxg7 Rxg7 42. Qb8+ Rg8 43. Qb2+ Rg7
44. Re2 1-0

[Event "Irish Championship 2021"]
[Site "Dublin IRL"]
[Date "2021.08.05"]
[Round "6.8"]
[White "O'Connell, Gerard"]
[Black "Scott, Luke"]
[Result "1/2-1/2"]
[WhiteElo "2051"]
[BlackElo "1906"]
[WhiteICU "2005"]
[BlackICU "1959"]
[WhiteClub "St. Benildus"]
[BlackClub "Ballyroan"]
[WhiteNationality "IRL"]
[BlackNationality "IRL"]
[WhiteFideId "2500493"]
[BlackFideId "2507986"]
[PlyCount "127"]
[Venue "Colaiste Eanna"]
[EventDate "2021.07.31"]

{ Event information: <a
href="https://www.irlchess.com/irlch2021_allfiles/pairings_irlch2021.html">Tournament
report</a>. }

1. d4 Nf6 2. c4 e6 3. Nc3 Bb4 4. e3 O-O 5. Bd3 d5 6. Ne2 dxc4 7. Bxc4 c5 8.
a3 Bxc3+ 9. bxc3 Qc7 10. Bd3 Nc6 11. O-O e5 12. Ng3 Be6 13. Bb2 c4 14. Bc2
b5 15. e4 Ne7 16. d5 Rad8 17. a4 a6 18. axb5 axb5 19. Ba3 Qb7 20. Nh5 Rfe8
21. Qf3 Nxh5 22. dxe6 Nf6 23. exf7+ Kxf7 24. Rfd1 Nc6 25. Bc5 Kg8 26. Qe3
Rxd1+ 27. Rxd1 Rd8 28. Rxd8+ Nxd8 29. Bd6 Nf7 30. Bb4 Nd7 31. g3 Qa6 32.
Kg2 h6 33. Bd1 Qe6 34. Bh5 Ng5 35. h4 Qh3+ 36. Kg1 Nf6 37. hxg5 Nxh5 38.
gxh6 Qg4 39. hxg7 Nf4 40. Qd2 Ne2+ 41. Kf1 Qxe4 42. Qd8+ Kxg7 43. Qf8+ $2 (
43. Bf8+ $1 $18) 43... Kg6 $14 44. Qe8+ Kh7 45. Qf7+ Kh8 46. Qh5+ Kg7 47.
Qg5+ Kh7 $2 (47... Kf7 $14) 48. Bf8 $18 Qb1+ 49. Kg2 Qe4+ 50. Kh2 $2 (50.
f3 $18) 50... Qg6 51. Qxe5 Nc1 52. Qxb5 Qf7 53. Qc5 Nd3 54. Qe7 Qxe7 55.
Bxe7 Nxf2 $10 56. Bb4 Kg6 57. Kg2 Ng4 58. Kf3 Kf5 59. Bd6 Nf6 60. Ke3 Ke6
61. Bb8 Kd5 62. Kf4 Ne4 63. g4 Nxc3 64. g5 1/2-1/2